000 00748nam a2200265Ia 4500
005 20260121165838.0
008 008 260114s9999 xx 000 0 eng d
020 _a9783319418278
037 _aEBOOK
040 _aCRL
040 _beng
040 _cCRL
041 _2eng
041 _aeng
084 _qCRL
100 _aTomaž Vrtovec, Jianhua Yao, Ben Glocker, Tobias Klinder, Alejandro Frangi, Guoyan Zheng, Shuo Li
_91056750
245 0 _aComputational Methods and Clinical Applications for Spine Imaging
260 _bSpringer
260 _bSpringer
260 _c2016
856 _uhttps://link.springer.com/openurl?genre=book&isbn=978-3-319-41827-8
942 _cEBOOK
999 _c1622478
_d1622478